Parks and Recreation Actors - Statistics

General Stats
  • This quiz has been taken 32 times
  • The average score is 16 of 21
Answer Stats
Hint Answer % Correct
Nick Offerman Ron Swanson
100%
Chris Pratt Andy Dwyer
97%
Rashida Jones Ann Perkins
97%
Aubrey Plaza April Ludgate
97%
Adam Scott Ben Wyatt
97%
Rob Lowe Chris Traeger
97%
Retta Donna Meagle
97%
Amy Poehler Leslie Knope
97%
Aziz Ansari Tom Haverford
97%
Jim O'Heir Jerry Gergich
94%
Paul Schneider Mark Brendanawicz
84%
Ben Schwartz Jean-Ralphio Saperstein
77%
Jenny Slate Mona-Lisa Saperstein
71%
Megan Mullally Tammy Swanson (Tammy II)
71%
Billy Eichner Craig Middlebrooks
65%
Jon Glaser Jeremy Jamm
61%
Mo Collins Joan Callamezzo
48%
Jay Jackson Perd Hapley
45%
Natalie Morales Lucy Santo Domingo
39%
Alison Becker Shauna Malwae-Tweep
29%
N/A Li'l Sebastian
26%
No matching quizzes found
Score Distribution
Percent of People with Each Score
Percentile by Number Answered
Your Score History
You have not taken this quiz